[Event "DEM U12 2022"]
[Site "Willingen GER"]
[Date "2022.06.07"]
[Round "4"]
[White "Nguyen, Bach Khoi"]
[Black "Albrecht, Neil"]
[Result "0-1"]
[Termination "normal"]
[Board "22"]
[WhiteElo "1261"]
[BlackElo "1376"]
[WhiteClock "00:17:04"]
[BlackClock "00:18:44"]
[PlyCount "58"]
[WhiteFideId "34600256"]
[BlackFideId "34621091"]
[EventCountry "GER"]
[EventRounds "9"]
[EventType "swiss"]
[EventDate "2022.06.04"]

1. e4 {[%clk 01:30:55]} {[%emt 00:00:04]} e5 {[%clk 01:30:53]} {[%emt
00:00:08]} 2. Nf3 {[%clk 01:31:08]} {[%emt 00:00:16]} Nc6 {[%clk 01:31:16]}
{[%emt 00:00:08]} 3. Bc4 {[%clk 01:31:28]} {[%emt 00:00:10]} Bc5 {[%clk
01:31:37]} {[%emt 00:00:09]} 4. c3 {[%clk 01:31:48]} {[%emt 00:00:10]} Nf6
{[%clk 01:32:00]} {[%emt 00:00:08]} 5. d3 {[%clk 01:32:03]} {[%emt 00:00:15]}
O-O {[%clk 01:32:21]} {[%emt 00:00:08]} 6. Nbd2 {[%clk 01:32:18]} {[%emt
00:00:15]} d5 {[%clk 01:32:39]} {[%emt 00:00:13]} 7. exd5 {[%clk 01:32:16]}
{[%emt 00:00:31]} Nxd5 {[%clk 01:33:02]} {[%emt 00:00:07]} 8. O-O {[%clk
01:32:24]} {[%emt 00:00:21]} Nb6 {[%clk 01:33:22]} {[%emt 00:00:11]} 9. Bb3
{[%clk 01:32:21]} {[%emt 00:00:33]} Qxd3 {[%clk 01:30:43]} {[%emt 00:03:10]}
10. Bc2 {[%clk 01:29:37]} {[%emt 00:03:14]} Qd8 {[%clk 01:27:58]} {[%emt
00:03:14]} 11. b4 {[%clk 01:28:04]} {[%emt 00:02:03]} Bd6 {[%clk 01:27:15]}
{[%emt 00:01:13]} 12. a4 {[%clk 01:26:37]} {[%emt 00:01:57]} f5 {[%clk
01:22:20]} {[%emt 00:05:25]} 13. a5 {[%clk 01:24:39]} {[%emt 00:02:27]} Nd7
{[%clk 01:20:10]} {[%emt 00:02:41]} 14. b5 {[%clk 01:23:39]} {[%emt 00:01:30]}
Ncb8 {[%clk 01:18:52]} {[%emt 00:01:49]} 15. Bb3+ {[%clk 01:22:39]} {[%emt
00:01:29]} Kh8 {[%clk 01:19:14]} {[%emt 00:00:08]} 16. Nc4 {[%clk 01:22:16]}
{[%emt 00:00:52]} Qe7 {[%clk 01:07:40]} {[%emt 00:12:04]} 17. Ng5 {[%clk
01:02:15]} {[%emt 00:20:30]} Nc5 {[%clk 01:03:40]} {[%emt 00:04:31]} 18. Ba2
{[%clk 00:54:03]} {[%emt 00:08:42]} Be6 {[%clk 00:47:51]} {[%emt 00:16:19]} 19.
Qh5 {[%clk 00:42:37]} {[%emt 00:11:54]} g6 {[%clk 00:47:09]} {[%emt 00:01:14]}
20. Qh6 {[%clk 00:40:55]} {[%emt 00:02:10]} Nbd7 {[%clk 00:45:02]} {[%emt
00:02:39]} 21. Ba3 {[%clk 00:37:36]} {[%emt 00:03:50]} f4 {[%clk 00:36:05]}
{[%emt 00:09:26]} 22. Nxe5 {[%clk 00:21:10]} {[%emt 00:16:56]} Nxe5 {[%clk
00:30:11]} {[%emt 00:06:24]} 23. Bxc5 {[%clk 00:21:21]} {[%emt 00:00:19]} Bxa2
{[%clk 00:30:02]} {[%emt 00:00:39]} 24. Bxd6 {[%clk 00:21:39]} {[%emt
00:00:12]} cxd6 {[%clk 00:30:21]} {[%emt 00:00:11]} 25. Rxa2 {[%clk 00:21:59]}
{[%emt 00:00:11]} Rf5 {[%clk 00:26:04]} {[%emt 00:04:47]} 26. Ne4 {[%clk
00:19:53]} {[%emt 00:02:35]} Raf8 {[%clk 00:23:43]} {[%emt 00:02:51]} 27. g4
{[%clk 00:17:00]} {[%emt 00:03:23]} Nxg4 {[%clk 00:22:55]} {[%emt 00:01:17]}
28. Qh3 {[%clk 00:17:22]} {[%emt 00:00:07]} Qxe4 {[%clk 00:18:37]} {[%emt
00:04:49]} 29. Qxg4 {[%clk 00:17:04]} {[%emt 00:00:49]} Qd5 {[%clk 00:18:44]}
{[%emt 00:00:24]} 0-1

[Event "DEM U12 2022"]
[Site "Willingen GER"]
[Date "2022.06.07"]
[Round "4"]
[White "Dodul, Arthur"]
[Black "Halich, Jan Finnian"]
[Result "1-0"]
[Termination "normal"]
[Board "26"]
[WhiteElo "1443"]
[BlackElo "877"]
[WhiteClock "01:12:02"]
[BlackClock "01:24:37"]
[PlyCount "55"]
[WhiteFideId "34609016"]
[BlackFideId "34623710"]
[EventCountry "GER"]
[EventRounds "9"]
[EventType "swiss"]
[EventDate "2022.06.04"]

1. e4 {[%clk 01:30:58]} d5 {[%clk 01:30:56]} {[%emt 00:00:04]} 2. exd5 {[%clk
01:31:04]} {[%emt 00:00:24]} Qxd5 {[%emt 00:00:07]} 3. Nc3 {[%clk 01:30:59]}
{[%emt 00:00:33]} Qd8 {[%clk 01:31:48]} {[%emt 00:00:03]} 4. Nf3 {[%clk
01:31:05]} {[%emt 00:00:23]} Nf6 {[%clk 01:32:12]} {[%emt 00:00:07]} 5. Bc4
{[%clk 01:30:57]} {[%emt 00:00:36]} Bg4 {[%clk 01:32:32]} {[%emt 00:00:12]} 6.
d3 {[%clk 01:30:37]} {[%emt 00:00:49]} e6 {[%clk 01:32:46]} {[%emt 00:00:17]}
7. Bg5 {[%clk 01:30:35]} {[%emt 00:00:30]} Be7 {[%clk 01:33:11]} {[%emt
00:00:07]} 8. Qd2 {[%emt 00:01:57]} Nbd7 {[%clk 01:33:02]} {[%emt 00:00:11]} 9.
O-O-O {[%clk 01:29:36]} {[%emt 00:00:30]} O-O {[%clk 01:32:51]} {[%emt
00:00:42]} 10. h3 {[%clk 01:29:52]} {[%emt 00:00:13]} Bxf3 {[%clk 01:32:43]}
{[%emt 00:00:40]} 11. gxf3 {[%clk 01:30:04]} {[%emt 00:00:18]} Ne5 {[%clk
01:32:52]} {[%emt 00:00:20]} 12. Qe2 {[%clk 01:27:12]} {[%emt 00:03:16]} Nfd7
{[%clk 01:32:30]} {[%emt 00:00:58]} 13. Bxe7 {[%clk 01:25:51]} {[%emt
00:01:51]} Qxe7 {[%clk 01:32:53]} {[%emt 00:00:07]} 14. f4 {[%clk 01:25:16]}
{[%emt 00:01:02]} Nxc4 {[%clk 01:32:58]} {[%emt 00:00:28]} 15. dxc4 {[%clk
01:25:33]} {[%emt 00:00:13]} Rad8 {[%clk 01:32:53]} {[%emt 00:00:35]} 16. Rhg1
{[%clk 01:25:11]} {[%emt 00:00:50]} g6 {[%clk 01:33:02]} {[%emt 00:00:23]} 17.
f5 {[%clk 01:24:04]} {[%emt 00:01:35]} Rfe8 {[%clk 01:32:17]} {[%emt 00:01:18]}
18. fxg6 {[%clk 01:23:55]} {[%emt 00:00:35]} fxg6 {[%clk 01:32:26]} {[%emt
00:00:24]} 19. f4 {[%clk 01:23:25]} {[%emt 00:00:57]} Qh4 {[%clk 01:31:26]}
{[%emt 00:01:32]} 20. Qf3 {[%clk 01:20:20]} {[%emt 00:03:28]} e5 {[%clk
01:30:06]} {[%emt 00:01:59]} 21. Qd5+ {[%clk 01:18:55]} {[%emt 00:01:51]} Kh8
{[%emt 00:06:47]} 22. Rdf1 {[%clk 01:13:23]} Qxh3 {[%clk 01:28:05]} {[%emt
00:02:18]} 23. Rh1 {[%clk 01:12:18]} {[%emt 00:01:33]} Qe3+ {[%clk 01:27:31]}
{[%emt 00:01:07]} 24. Kb1 {[%clk 01:12:31]} {[%emt 00:00:13]} exf4 {[%clk
01:26:47]} {[%emt 00:01:17]} 25. Rfg1 {[%clk 01:11:35]} {[%emt 00:01:23]} c6
{[%clk 01:24:40]} {[%emt 00:02:41]} 26. Rxh7+ {[%clk 01:11:43]} {[%emt
00:00:22]} Kxh7 {[%clk 01:24:41]} {[%emt 00:00:29]} 27. Qf7+ {[%clk 01:12:02]}
{[%emt 00:00:10]} Kh6 {[%clk 01:24:37]} {[%emt 00:00:36]} 28. Qxg6# {[%emt
00:00:11]} 1-0

[Event "DEM U12 2022"]
[Site "Willingen GER"]
[Date "2022.06.07"]
[Round "4"]
[White "Steven, Matthias"]
[Black "Böhler, Yannic"]
[Result "1/2-1/2"]
[Termination "normal"]
[Board "28"]
[WhiteElo "1376"]
[BlackElo "1361"]
[PlyCount "81"]
[WhiteFideId "16295528"]
[BlackFideId "34609059"]
[EventCountry "GER"]
[EventRounds "9"]
[EventType "swiss"]
[EventDate "2022.06.04"]

1. e4 c5 2. Nf3 e6 3. d4 cxd4 4. Nxd4 a6 5. Nc3 Qc7 6. f3 Nf6 7. Be3 b5 8. Qd2
Bb7 9. Bd3 d6 10. Nce2 Nbd7 11. Ng3 Be7 12. Rc1 Nc5 13. c4 Nxd3+ 14. Qxd3 Qa5+
15. Qc3 Qxa2 16. cxb5 Rc8 17. Qd2 O-O 18. Nc6 Bxc6 19. bxc6 Rc7 20. Bb6 Rcc8
21. O-O d5 22. exd5 Nxd5 23. Ba5 Bd8 24. Rc5 Bxa5 25. Rxa5 Qc4 26. Rc1 Qb4 27.
Qxb4 Nxb4 28. Ne4 Nxc6 29. Rxa6 Nb4 30. Raa1 Nd3 31. Rxc8 Rxc8 32. Rb1 Rb8 33.
b3 Kf8 34. Kf1 Ke7 35. g3 f5 36. Nd2 Kd6 37. Ke2 Nb4 38. Ke3 Rc8 39. Nc4+ Kc5
40. Kf4 Nd3+ 41. Ke3 1/2-1/2

[Event "DEM U12 2022"]
[Site "Willingen GER"]
[Date "2022.06.07"]
[Round "4"]
[White "Rempe, Lennik"]
[Black "Gavrylyuk, Oleksandr"]
[Result "0-1"]
[Termination "normal"]
[Board "29"]
[WhiteElo "1073"]
[BlackElo "1272"]
[PlyCount "44"]
[WhiteFideId "16248031"]
[BlackFideId "34609083"]
[EventCountry "GER"]
[EventRounds "9"]
[EventType "swiss"]
[EventDate "2022.06.04"]

1. e4 c5 2. Nf3 Nc6 3. Nc3 g6 4. d4 cxd4 5. Nxd4 Bg7 6. Be3 Nf6 7. Bc4 Qa5 8.
O-O O-O 9. Nb3 Qd8 10. f4 d6 11. f5 Ne5 12. Bd3 Nfg4 13. Bf4 Qb6+ 14. Kh1 Nf2+
15. Rxf2 Qxf2 16. Ne2 Ng4 17. fxg6 fxg6 18. Bc4+ Kh8 19. Qd5 e5 20. Bg5 Qf1+
21. Rxf1 Rxf1+ 22. Ng1 Nf2# 0-1

[Event "DEM U12 2022"]
[Site "Willingen GER"]
[Date "2022.06.07"]
[Round "4"]
[White "Pham, Jacky"]
[Black "Schönherr, Stijn"]
[Result "1-0"]
[Termination "normal"]
[Board "30"]
[WhiteElo "1189"]
[BlackElo "1254"]
[PlyCount "119"]
[WhiteFideId "34611606"]
[BlackFideId "34611622"]
[EventCountry "GER"]
[EventRounds "9"]
[EventType "swiss"]
[EventDate "2022.06.04"]

1. e4 e6 2. d4 d5 3. exd5 exd5 4. Bd3 Bd6 5. Nf3 Bg4 6. O-O c6 7. Re1+ Ne7 8.
c3 O-O 9. h3 Bh5 10. Bg5 Qc7 11. Nbd2 h6 12. Bh4 Bg6 13. Qc2 Bxd3 14. Qxd3 Ng6
15. Nf1 Nxh4 16. Nxh4 Nd7 17. Nf5 Nf6 18. Qf3 Rfe8 19. Nxh6+ gxh6 20. Qxf6 Bf8
21. Ng3 Bg7 22. Qf3 c5 23. Qxd5 cxd4 24. cxd4 Rad8 25. Rxe8+ Rxe8 26. Nf5 Rd8
27. Qf3 Qb6 28. Qg4 Qf6 29. Qxg7+ Qxg7 30. Nxg7 Kxg7 31. Rd1 Kf6 32. g4 Kg5 33.
Rd3 Kf4 34. Kg2 Ke4 35. Rf3 Rf8 36. Rf6 Kxd4 37. Rxh6 Kd3 38. Rd6+ Ke2 39. Rd7
f5 40. Rxb7 fxg4 41. Re7+ Kd2 42. hxg4 a5 43. g5 Kc2 44. Rb7 Rg8 45. f4 Kb1 46.
a3 Rd8 47. g6 Rd2+ 48. Kg3 Rd1 49. Kh4 Rg1 50. f5 a4 51. g7 Rh1+ 52. Kg5 Rg1+
53. Kf6 Rg2 54. Kf7 Rxb2 55. Rxb2+ Kxb2 56. g8=Q Kxa3 57. Qg3+ Kb2 58. Qd3 a3
59. Qxa3+ Kxa3 60. Kg7 1-0